Janata Party experiment : (Record no. 136679)

MARC details
000 -LEADER
fixed length control field 00687nam a22002057a 4500
010 ## - LIBRARY OF CONGRESS CONTROL NUMBER
LC control number A-702214
020 ## - INTERNATIONAL STANDARD BOOK NUMBER
International Standard Book Number 8170187974
035 ## - SYSTEM CONTROL NUMBER
System control number A-702214
037 ## - SOURCE OF ACQUISITION
Source of stock number/acquisition Cen Lib / Ret
040 ## - CATALOGING SOURCE
Original cataloging agency DPL
Language of cataloging EN
082 ## - DEWEY DECIMAL CLASSIFICATION NUMBER
Classification number 954.09
Item number LIM
100 ## - MAIN ENTRY--PERSONAL NAME
Personal name Madhu Limaye
245 ## - TITLE STATEMENT
Title Janata Party experiment :
Remainder of title an insiders account of opposition politics 1977-80 /
Statement of responsibility, etc by Madhu Limaye
260 ## - PUBLICATION, DISTRIBUTION, ETC. (IMPRINT)
Place of publication, distribution, etc Delhi
Name of publisher, distributor, etc B.R. Publishing Corporation
Date of publication, distribution, etc 1992
270 ## - ADDRESS
Address Regd. Office 29/9 Nangia Park
City Delhi
Postal code 110007
300 ## - PHYSICAL DESCRIPTION
Extent (v 2. vii,571p)
Other physical details 24cm(Hb)
650 ## - SUBJECT ADDED ENTRY--TOPICAL TERM
Topical term or geographic name as entry element Bharatiya Janata Party -- History.
650 ## - SUBJECT ADDED ENTRY--TOPICAL TERM
Topical term or geographic name as entry element India -- Politics and government -- 1977-
942 ## - ADDED ENTRY ELEMENTS (KOHA)
Source of classification or shelving scheme Dewey Decimal Classification
Koha item type English Books
Classification part 954.09
Call number suffix LIM
Holdings
Withdrawn status Lost status Source of classification or shelving scheme Materials specified (bound volume or other part) Damaged status Not for loan Home library Current library Date acquired Source of acquisition Total Checkouts Full call number Barcode Date last seen Copy number Price effective from Koha item type Collection code Total Renewals Date checked out
    Dewey Decimal Classification v 2     Central Library Central Library 07/03/2016 Cen Lib/Ret   954.09 LIM A-702214 07/03/2016 1 07/03/2016 English Books      
    Dewey Decimal Classification       Sarojini Nagar Sarojini Nagar 07/02/2019   2 954.09 LIM A-702215 02/03/2023   07/02/2019 English Books Non-fiction 1 02/02/2023

© Delhi Public Library
Hit Counter
free hit counter